| 000 | 01067nac a22002411u 4500 | ||
|---|---|---|---|
| 010 | _a 2002035625 | ||
| 020 | _a0750674873 (alk. paper) | ||
| 082 | 0 | 0 |
_a658.473 _bKOV |
| 090 |
_c9213 _d9213 |
||
| 100 | _aKovacich, Gerald L. | ||
| 245 | 1 | 4 |
_aThe manager's handbook for corporate security : establishing and managing a successful assets protection program / _cGerald L. Kovacich, Edward P. Halibozek. |
| 260 |
_aBoston, MA : _bButterworth-Heinemann,C.2003. _cC.2003. |
||
| 300 |
_axxi, 463 p. : _bill. ; _c24 cm. |
||
| 500 | _aDistributer: Al-Ahram. | ||
| 504 | _aIncludes bibliographical references and index. | ||
| 511 | _aCatalogued By: Mahitab. | ||
| 650 | 0 |
_aCorporations _xSecurity measures _xManagement. |
|
| 650 | 0 |
_aPrivate security services _xManagement. |
|
| 700 | 1 | _aHalibozek, Edward P. | |
| 856 | 4 | 2 |
_3Publisher description _uhttp://www.loc.gov/catdir/description/els031/2002035625.html |
| 856 | 4 | 2 |
_3Table of contents _uhttp://www.loc.gov/catdir/toc/els031/2002035625.html |
| 942 |
_cBB _k658.473KOV |
||
| 999 |
_c9213 _d9213 |
||